000 00359nam a2200145 i 4500
001 bg
100 1 _aDIETRICH, Ulrich.
245 0 _aMethoden der Film und Photoanalysis.
_nBd. 2,
_pFilmanalyse /
_cU. Dietrich.
260 _aBerlin,
_c1967.
040 _cBPK
041 _apol
080 _a77:62
942 _cKS
008 s pl f |000 0 pol
999 _c11695
_d11695
856 _uhttp://koha.tu.koszalin.pl/cgi-bin/koha/opac-detail.pl?biblionumber=11695
_yKatalog online BPK